Footballer with the most red cards in history - Statistics

General Stats
  • This quiz has been taken 43 times
  • The average score is 2 of 15
Answer Stats
Hint Answer % Correct
24 Sergio Ramos
100%
20 Felipe Melo
15%
21 Paolo Montero
15%
46 Gerardo Bedoya
12%
25 Cyril Rool
7%
21 Rafael Marquez
7%
22 Alexis Ruano
5%
19 FernandoAmorebieta
5%
18 Gary Medel
5%
20 Matteo Contini
5%
18 Pablo Alfaro
5%
17 Deividas Semberas
0%
18 Gerardo Torrado
0%
17 Gonzalo rodriguez
0%
17 Yannick Cahuzac
0%
No matching quizzes found
Score Distribution
Percent of People with Each Score
Percentile by Number Answered
Your Score History
You have not taken this quiz